00617nam a22001697a 4500003000200000005001700002008004100019020002100060050002400081100002600105245014900131250002000280260004300300300003000343504004200373650003200415020231123134010.0231123b xxu||||| |||| 00| 0 eng d a978-621-406-31-5 aGT 3405 b.R63 2022 aRodolfa, Bernardo B.  aEvents management: introduction to meetings, incentives, conferences, exhibitions (mice), festivals & other special eventsc Bernardo B. Rodolfa arevised edition aManilabMindshapers Co., Inc. cc2022. axii,202 pages ; c24 cm.  aIncludes bibliographical references.  aSpecial events--management.